The creative negotiator / (Record no. 135401)
[ view plain ]
| 000 -LEADER | |
|---|---|
| fixed length control field | 00811nam a22002537a 4500 |
| 003 - CONTROL NUMBER IDENTIFIER | |
| control field | dpl |
| 005 - DATE AND TIME OF LATEST TRANSACTION | |
| control field | 20180724110910.0 |
| 008 - FIXED-LENGTH DATA ELEMENTS--GENERAL INFORMATION | |
| fixed length control field | 180623b xxu||||| |||| 00| 0 eng d |
| 010 ## - LIBRARY OF CONGRESS CONTROL NUMBER | |
| LC control number | B-192264 |
| 020 ## - INTERNATIONAL STANDARD BOOK NUMBER | |
| Terms of availability | 00.00 |
| International Standard Book Number | 9780070588080 |
| 035 ## - SYSTEM CONTROL NUMBER | |
| System control number | B-192264,B-192283,B-192271 |
| 037 ## - SOURCE OF ACQUISITION | |
| Source of stock number/acquisition | Cen Lib/Ret |
| 040 ## - CATALOGING SOURCE | |
| Original cataloging agency | DPL |
| Language of cataloging | EN |
| Transcribing agency | 0 |
| 082 ## - DEWEY DECIMAL CLASSIFICATION NUMBER | |
| Classification number | 658.4 |
| Item number | KOZ |
| 100 ## - MAIN ENTRY--PERSONAL NAME | |
| Personal name | Kozicki, Stephen |
| 9 (RLIN) | 96718 |
| 245 ## - TITLE STATEMENT | |
| Title | The creative negotiator / |
| Statement of responsibility, etc | by Stephen Kozicki |
| 260 ## - PUBLICATION, DISTRIBUTION, ETC. (IMPRINT) | |
| Place of publication, distribution, etc | New Delhi |
| Name of publisher, distributor, etc | Tata McGraw Hill pablishing |
| Date of publication, distribution, etc | 2005 |
| 270 ## - ADDRESS | |
| Address | 7-West Patel Nagar |
| City | New Delhi |
| Postal code | 110008 |
| 300 ## - PHYSICAL DESCRIPTION | |
| Extent | xvi,213p. : |
| Dimensions | 23cm(pbk) |
| Other physical details | ill. |
| 500 ## - GENERAL NOTE | |
| General note | includes bibliographical reference and index |
| 650 ## - SUBJECT ADDED ENTRY--TOPICAL TERM | |
| Topical term or geographic name as entry element | Negotiation |
| 9 (RLIN) | 96719 |
| 650 ## - SUBJECT ADDED ENTRY--TOPICAL TERM | |
| Topical term or geographic name as entry element | Negotiation in business |
| 9 (RLIN) | 11588 |
| 942 ## - ADDED ENTRY ELEMENTS (KOHA) | |
| Source of classification or shelving scheme | Dewey Decimal Classification |
| Koha item type | English Books |
| Classification part | 658.4 |
| Call number suffix | KDZ |
| Withdrawn status | Lost status | Damaged status | Not for loan | Collection code | Home library | Current library | Date acquired | Source of acquisition | Cost, normal purchase price | Total Checkouts | Full call number | Barcode | Date last seen | Copy number | Cost, replacement price | Price effective from | Koha item type | Source of classification or shelving scheme | Total Renewals | Date checked out |
|---|---|---|---|---|---|---|---|---|---|---|---|---|---|---|---|---|---|---|---|---|
| Not For Loan | Reference | Central Library | Central Library | 05/10/2015 | Cen Lib/Ret | 0.00 | 658.4 KOZ | B-192264 | 05/10/2015 | 1 | 0.00 | 05/10/2015 | English Books | |||||||
| Non-fiction | Shahdara Branch | Shahdara Branch | 23/06/2018 | BPPD/PUB | 0.00 | 3 | 658.4 KDZ | B-192283 | 26/09/2022 | 0.00 | 23/06/2018 | English Books | Dewey Decimal Classification | 6 | 16/08/2022 | |||||
| Not For Loan | Non-fiction | Tri Nagar | Tri Nagar | 24/07/2018 | BPPD/pub | 0.00 | 658.4 KDZ | B-192271 | 24/07/2018 | 1 | 0.00 | 24/07/2018 | English Books | Dewey Decimal Classification | ||||||
| Non-fiction | Yojana Vihar | Yojana Vihar | 13/07/2019 | BPPD/PUB | 0.00 | 1 | 658.4 KDZ | B-192284 | 18/10/2022 | 0.00 | 13/07/2019 | English Books | Dewey Decimal Classification | 07/10/2022 |
